000 01318nam a22001577a 4500
999 _c517981
_d517981
008 210806b ||||| |||| 00| 0 eng d
100 _aTurner, Rodney
_928288
245 _aHow does governance influence decision making on projects and in project-based organizations?
260 _aProject Management Journal
300 _a51(6), Dec, 2020: p.670-684
520 _aResearch on the governance of project management suggests governmentality and governance are associated with improved project performance. However, the mechanism is unknown. We propose that they influence decision making, which, in turn, improves performance. Few articles on governance comment directly on how governance influences decision making. We identify six areas of organizational psychology that influence decision making, and study what research on the governance of project management suggests about how governance influences those six areas. We review 36 articles on the governance of project management published in the past six years in the three main journals in project management. – Reproduced
650 _aGovernance, Decision making, culture, Decision architecture, Situational awareness, Identity, Social representation
_926526
773 _aProject Management Journal
906 _aPUBLIC ADMINISTRATION
942 _cAR